[Event "106th British-ch 2019"]
[Site "Torquay"]
[Date "2019.07.27"]
[Round "1.19"]
[White "Pigott, John C"]
[Black "Krzyzanowski, Patryk"]
[Result "1-0"]
[WhiteElo "2384"]
[BlackElo "2114"]
[Annotator "NA"]
[PlyCount "93"]
[EventDate "2019.07.27"]
[EventType "swiss"]
[EventCountry "GBR"]
[SourceTitle "playchess.com"]
[Source "ChessBase"]
[SourceQuality "1"]
[TimeControl "40/5400+30:1800+30"]

1. e4 {[%emt 0:28:54]} c5 {[%emt 0:00:20]} 2. Nf3 {[%emt 0:00:18]} g6 {[%emt 0:00:16]} 3. c4 {[%emt 0:00:35]} Nc6 {[%emt 0:00:29]} 4. d4 {[%emt 0:00:13]} cxd4 {[%emt 0:00:14]} 5. Nxd4 {[%emt 0:00:08]} Nf6 {[%emt 0:00:10]} 6. Nc3 {[%emt 0:00:13]} d6 {[%emt 0:00:13]} 7. f3 Nxd4 {[%emt 0:00:36]} 8. Qxd4 Bg7 {[%emt 0:00:21]} 9. Be3 Be6 {[%emt 0:01:27]} 10. Qd2 Rc8 {[%emt 0:04:51]} 11. b3 b5 {[%emt 0:09:09]} 12. e5 Nd7 {[%emt 0:08:31]} 13. Nxb5 Nxe5 {[%emt 0:01:18]} 14. Rd1 a6 {[%emt 0:07:52]} 15. Nd4 Bd7 {[%emt 0:02:05]} 16. Be2 O-O {[%emt 0:06:57]} 17. O-O a5 {[%emt 0:04:22]} 18. Kh1 a4 {[%emt 0:05:37]} 19. f4 {[%emt 0:04:28]} Nc6 {[%emt 0:06:14]} 20. b4 {[%emt 0:03:57]} Nxd4 {[%emt 0:21:21]} 21. Bxd4 {[%emt 0:02:24]} Bxd4 {[%emt 0:01:27]} 22. Qxd4 {[%emt 0:00:06]} Bc6 {[%emt 0:00:14]} 23. a3 {[%emt 0:21:53]} Qc7 {[%emt 0:02:12]} 24. Rfe1 {[%emt 0:02:49]} Rfd8 {[%emt 0:04:59]} 25. Bf1 {[%emt 0:01:58]} Bb7 {[%emt 0:05:01]} 26. Rc1 {[%emt 0:04:38]} Rd7 {[%emt 0:07:27]} 27. Rc3 {[%emt 0:04:30]} Qd8 {[%emt 0:08:31]} 28. Rce3 {[%emt 0:06:06]} Ba6 {[%emt 0:05:48]} 29. f5 {[%emt 0:07:17]} g5 {[%emt 0:04:36]} 30. h4 {[%emt 0:14:13]} h6 {[%emt 0:01:00]} 31. Qg4 {[%emt 0:01:37]} f6 {[%emt 0:01:42]} 32. b5 {[%emt 0:01:14]} Bb7 {[%emt 0:00:22]} 33. Qh5 {[%emt 0:00:21]} e5 {[%emt 0:02:51]} 34. fxe6 {[%emt 0:00:18]} Rg7 {[%emt 0:00:27]} 35. e7 {[%emt 0:01:10]} Qe8 {[%emt 0:00:08]} 36. Qxh6 {[%emt 0:01:11]} f5 {[%emt 0:00:39]} 37. Qe6+ {[%emt 0:00:59]} Kh8 {[%emt 0:00:33]} 38. Qh6+ {[%emt 0:00:28]} Kg8 {[%emt 0:00:21]} 39. Qxd6 {[%emt 0:00:48]} Be4 {[%emt 0:00:18]} 40. Rxe4 {[%emt 0:01:36]} fxe4 {[%emt 0:00:08]} 41. Rxe4 {[%emt 0:01:07]} Qf7 {[%emt 0:00:33]} 42. Qd8+ {[%emt 0:00:45]} Kh7 {[%emt 0:00:25]} 43. Bd3 {[%emt 0:00:22]} Rg8 {[%emt 0:02:38]} 44. Rf4+ {[%emt 0:00:26]} Kh8 {[%emt 0:00:34]} 45. Rxf7 {[%emt 0:00:15]} Rgxd8 {[%emt 0:00:11]} 46. exd8=Q+ {[%emt 0:00:16]} Rxd8 {[%emt 0:00:04]} 47. Be4 {[%emt 0:00:21]} 1-0

[Event "106th British-ch 2019"]
[Site "Torquay"]
[Date "2019.07.27"]
[Round "1.20"]
[White "Modi, Shyam Jagdish"]
[Black "Lane, Gary W"]
[Result "0-1"]
[WhiteElo "2098"]
[BlackElo "2364"]
[Annotator "NA"]
[PlyCount "60"]
[EventDate "2019.07.27"]
[EventType "swiss"]
[EventCountry "GBR"]
[SourceTitle "playchess.com"]
[Source "ChessBase"]
[SourceQuality "1"]
[TimeControl "40/5400+30:1800+30"]

1. d4 {[%emt 0:00:00]} d5 {[%emt 0:00:00]} 2. c4 {[%emt 0:00:00]} c6 {[%emt 0:00:00]} 3. Nf3 {[%emt 0:00:18]} Nf6 {[%emt 0:00:00]} 4. Qb3 {[%emt 0:00:42]} e6 {[%emt 0:01:35]} 5. g3 {[%emt 0:00:51]} Nbd7 {[%emt 0:00:42]} 6. Bg2 {[%emt 0:01:04]} Be7 {[%emt 0:00:34]} 7. O-O {[%emt 0:01:16]} O-O {[%emt 0:00:12]} 8. Nc3 {[%emt 0:01:42]} a5 {[%emt 0:02:43]} 9. Nd2 {[%emt 0:07:39]} a4 {[%emt 0:03:30]} 10. Qc2 {[%emt 0:15:23]} b5 {[%emt 0:03:19]} 11. cxb5 {[%emt 0:13:09]} cxb5 {[%emt 0:00:09]} 12. a3 {[%emt 0:11:41]} Ba6 {[%emt 0:10:33]} 13. Nf3 {[%emt 0:06:13]} Rc8 {[%emt 0:09:40]} 14. Bg5 {[%emt 0:16:01]} Ne4 {[%emt 0:09:47]} 15. Bxe7 {[%emt 0:00:00]} Qxe7 16. Rfc1 {[%emt 0:00:03]} Nb6 17. Ne5 {[%emt 0:14:34]} f5 {[%emt 0:00:25]} 18. Nd3 {[%emt 0:00:00]} Nc4 {[%emt 0:17:51]} 19. Bxe4 {[%emt 0:00:00]} fxe4 {[%emt 0:01:01]} 20. Nc5 {[%emt 0:00:44]} Rxc5 {[%emt 0:00:28]} 21. dxc5 {[%emt 0:00:04]} Qxc5 {[%emt 0:00:02]} 22. Nd1 {[%emt 0:00:00]} Qe7 {[%emt 0:07:30]} 23. b3 {[%emt 0:02:22]} axb3 {[%emt 0:01:07]} 24. Qxb3 {[%emt 0:00:16]} Qg5 {[%emt 0:00:05]} 25. Ne3 {[%emt 0:02:00]} Qf6 {[%emt 0:07:41]} 26. Nd1 {[%emt 0:00:35]} e3 {[%emt 0:01:07]} 27. f3 {[%emt 0:01:43]} d4 {[%emt 0:00:05]} 28. a4 {[%emt 0:01:12]} Nd2 {[%emt 0:02:57]} 29. Qd3 {[%emt 0:01:02]} Bb7 {[%emt 0:00:25]} 30. f4 {[%emt 0:02:52]} b4 {[%emt 0:15:28]} 0-1

[Event "106th British-ch 2019"]
[Site "Torquay"]
[Date "2019.07.27"]
[Round "1.21"]
[White "Bates, Richard A"]
[Black "Longson, Sarah N"]
[Result "1-0"]
[WhiteElo "2352"]
[BlackElo "2095"]
[Annotator "TA"]
[PlyCount "69"]
[EventDate "2019.07.27"]
[EventType "swiss"]
[EventCountry "GBR"]
[SourceTitle "playchess.com"]
[Source "ChessBase"]
[SourceQuality "1"]

{[%evp 9,69,17,21,23,25,25,29,12,23,0,44,58,64,36,43,20,31,31,53,57,60,35,27,27,9,9,14,15,32,25,21,8,14,15,12,21,496,498,489,491,491,489,245,472,470,445,1058,1029,970,933,29976,29974,29968,29970,29988,29989,29989,29959,6179,6179,5418,5414]} 1. d4 d5 2. c4 e6 3. Nf3 a6 4. cxd5 exd5 5. Nc3 Nf6 6. Bg5 {D37: Queen's Gambit Declined: 5 Bf4} Be6 7. e3 Nbd7 8. Be2 {White has an edge.} (8. Bd3 h6 9. Bf4 g5 10. Bg3 Nh5 11. Be5 Nhf6 12. Bg3 Nh5 13. Ne2 Nxg3 14. Nxg3 {1-0 (61) Leko,P (2679)-Caruana,F (2832) Germany 2019}) 8... h6 9. Bh4 g5 10. Bg3 Bg7 $146 ({Predecessor:} 10... Nh5 11. Nxg5 hxg5 12. Bxh5 Bd6 13. Bxd6 cxd6 {0-1 (43) Shen,Y (2465)-Buksa,N (2385) Riadh 2017}) 11. Ne5 c5 12. h4 (12. O-O {with more complications.} cxd4 13. Qxd4 O-O 14. Rad1 Rc8 15. f4) 12... cxd4 13. exd4 Ne4 14. Nxe4 dxe4 15. hxg5 hxg5 16. Rxh8+ Bxh8 17. Nc4 Bxc4 $1 18. Bxc4 {Strongly threatening Qh5!} Nb6 19. Bb3 Bxd4 {[#]} 20. Qh5 $1 {[%csl Gb3][%cal Rh5f7][%mdl 512]} Qf6 21. Rd1 {And now Rxd4! would win.} Rd8 $1 22. Qh7 $40 {[%mdl 128] White mounts an attack.} Bc3+ $2 {[%mdl 8192]} (22... Nc8 $11 {and Black stays safe.}) 23. bxc3 $18 Qxc3+ 24. Ke2 {[%csl Gb3][%cal Rh7f7] [#]} Qb2+ 25. Kf1 {[%csl Gb3][%cal Rh7f7]} Rxd1+ 26. Bxd1 Qb5+ 27. Kg1 Qb1 (27... Qd5 $142 28. Qh8+ Ke7) 28. Qg8+ Ke7 29. Qxg5+ Ke8 30. Qe5+ Kf8 31. Qd6+ Kg8 32. Qd8+ Kh7 33. Qh4+ Kg8 34. Qg5+ Kh7 35. Qh5+ {Accuracy: White = 64%, Black = 38%.} 1-0

[Event "106th British-ch 2019"]
[Site "Torquay"]
[Date "2019.07.27"]
[Round "1.22"]
[White "Brewer, Callum D"]
[Black "Willow, Jonah B"]
[Result "1/2-1/2"]
[WhiteElo "2086"]
[BlackElo "2343"]
[Annotator "NA"]
[PlyCount "111"]
[EventDate "2019.07.27"]
[EventType "swiss"]
[EventCountry "GBR"]
[SourceTitle "playchess.com"]
[Source "ChessBase"]
[SourceQuality "1"]
[TimeControl "40/5400+30:1800+30"]

1. e4 {[%emt 0:00:00]} c5 {[%emt 0:00:00]} 2. Nf3 {[%emt 0:00:00]} e6 {[%emt 0:00:05]} 3. c3 {[%emt 0:00:00]} d5 {[%emt 0:00:42]} 4. exd5 {[%emt 0:00:01]} Qxd5 {[%emt 0:00:10]} 5. d4 {[%emt 0:00:06]} Nf6 {[%emt 0:00:10]} 6. Be3 {[%emt 0:00:19]} cxd4 {[%emt 0:00:42]} 7. cxd4 {[%emt 0:00:02]} Bb4+ {[%emt 0:00:12]} 8. Nc3 {[%emt 0:00:06]} Qa5 {[%emt 0:01:49]} 9. Qb3 {[%emt 0:05:16]} b6 {[%emt 0:01:43]} 10. Be2 {[%emt 0:12:59]} Bb7 {[%emt 0:02:20]} 11. O-O {[%emt 0:02:18]} Bxc3 {[%emt 0:02:42]} 12. bxc3 {[%emt 0:01:37]} Nbd7 {[%emt 0:00:31]} 13. c4 {[%emt 0:03:53]} O-O {[%emt 0:02:17]} 14. Rac1 {[%emt 0:09:41]} Rac8 {[%emt 0:07:14]} 15. Nd2 {[%emt 0:20:31]} Qf5 {[%emt 0:04:36]} 16. Bf3 {[%emt 0:06:38]} Bxf3 {[%emt 0:04:41]} 17. Nxf3 {[%emt 0:00:03]} Rc7 {[%emt 0:01:56]} 18. h3 {[%emt 0:03:45]} Rfc8 {[%emt 0:00:45]} 19. Rfd1 {[%emt 0:00:40]} Ne4 {[%emt 0:14:03]} 20. Qb4 {[%emt 0:04:47]} a5 {[%emt 0:09:20]} 21. Qb3 {[%emt 0:05:45]} b5 {[%emt 0:14:04]} 22. c5 {[%emt 0:08:20]} b4 {[%emt 0:00:31]} 23. a3 {[%emt 0:04:27]} Nc3 {[%emt 0:02:59]} 24. Rd2 {[%emt 0:02:01]} Nd5 {[%emt 0:04:11]} 25. Rdc2 {[%emt 0:00:55]} Ra8 {[%emt 0:03:14]} 26. axb4 {[%emt 0:01:11]} Nxb4 {[%emt 0:02:48]} 27. Rc4 {[%emt 0:00:13]} Nd5 {[%emt 0:01:51]} 28. Ra4 {[%emt 0:02:42]} Nb4 {[%emt 0:13:21]} 29. Rca1 {[%emt 0:01:44]} Nc6 {[%emt 0:00:08]} 30. Bd2 {[%emt 0:02:02]} e5 {[%emt 0:02:11]} 31. Bxa5 {[%emt 0:00:13]} Rcc8 {[%emt 0:00:52]} 32. Bc3 {[%emt 0:02:06]} Rab8 {[%emt 0:01:55]} 33. Qc4 {[%emt 0:00:01]} exd4 {[%emt 0:01:41]} 34. Nxd4 {[%emt 0:01:03]} Qxc5 {[%emt 0:00:26]} 35. Qxc5 {[%emt 0:01:00]} Nxc5 {[%emt 0:00:12]} 36. Nxc6 {[%emt 0:00:49]} Nxa4 {[%emt 0:00:36]} 37. Ne7+ {[%emt 0:00:37]} Kf8 {[%emt 0:00:14]} 38. Nxc8 {[%emt 0:00:02]} Nxc3 {[%emt 0:00:04]} 39. Nd6 {[%emt 0:00:19]} Rd8 {[%emt 0:00:28]} 40. Nf5 {[%emt 0:00:37]} g6 {[%emt 0:00:16]} 41. Ne3 {[%emt 0:01:54]} Rd2 {[%emt 0:00:51]} 42. Nc4 {[%emt 0:00:53]} Rd4 {[%emt 0:01:19]} 43. Ne3 {[%emt 0:00:48]} Ne4 {[%emt 0:01:49]} 44. f3 {[%emt 0:02:59]} Nc3 {[%emt 0:01:13]} 45. Kh2 {[%emt 0:05:38]} Rd2 {[%emt 0:01:08]} 46. Rc1 {[%emt 0:00:55]} Nb5 {[%emt 0:02:17]} 47. Rc2 {[%emt 0:01:08]} Rd3 {[%emt 0:01:58]} 48. Nc4 {[%emt 0:01:03]} Nd4 {[%emt 0:00:20]} 49. Ra2 {[%emt 0:00:29]} Rc3 {[%emt 0:00:57]} 50. Nd6 {[%emt 0:00:48]} Rc6 {[%emt 0:05:10]} 51. Ne4 {[%emt 0:00:29]} f5 {[%emt 0:03:22]} 52. Nf2 {[%emt 0:00:08]} g5 {[%emt 0:02:14]} 53. Kg3 {[%emt 0:01:20]} h5 {[%emt 0:06:58]} 54. h4 {[%emt 0:02:25]} g4 {[%emt 0:02:20]} 55. fxg4 {[%emt 0:00:36]} fxg4 {[%emt 0:00:38]} 56. Kf4 {[%emt 0:00:36]} 1/2-1/2

[Event "106th British-ch 2019"]
[Site "Torquay"]
[Date "2019.07.27"]
[Round "1.23"]
[White "Ashton, Adam G"]
[Black "Donaldson, Thomas"]
[Result "1-0"]
[WhiteElo "2323"]
[BlackElo "2065"]
[Annotator "TA"]
[PlyCount "132"]
[EventDate "2019.07.27"]
[EventType "swiss"]
[EventCountry "GBR"]
[SourceTitle "playchess.com"]
[Source "ChessBase"]
[SourceQuality "1"]

{[%evp 18,132,7,3,6,9,10,10,31,8,27,31,26,34,24,0,0,0,0,-6,-8,0,0,0,0,0,19,11,12,16,73,70,93,23,125,125,148,139,143,129,200,177,210,188,180,129,204,201,227,0,0,0,0,0,0,0,0,-213,-206,-206,-204,-185,-201,-192,-179,-143,-153,-142,-142,-142,-142,-142,-142,-142,-92,-85,-72,-163,-173,-314,-314,-305,-305,-275,-142,-142,-142,-223,-223,-207,-163,-134,0,0,0,0,0,0,8,0,3143,3219,1458,269,1768,359,275,0,0,0,29975,29976,29977,29978,29978,29979,29970]} 1. e4 e5 2. Nf3 Nc6 3. Bb5 a6 4. Ba4 Nf6 5. O-O Be7 6. d3 b5 7. Bb3 d6 8. a3 O-O 9. Nc3 Bg4 10. Be3 Nd4 {C84: Closed Ruy Lopez: Unusual White 6th moves} 11. Bxd4 exd4 12. Nd5 c5 {The position is equal.} (12... Nd7 13. h3 Bxf3 14. Qxf3 c6 15. Nf4 Nc5 16. Ba2 a5 17. Qg4 Kh8 18. Ne2 {1-0 (48) Caruana,F (2828)-Postny,E (2623) chess.com INT 2019}) 13. h3 Be6 (13... Bc8 {is interesting.} 14. a4 Bb7 15. Nxe7+ Qxe7 16. Re1 Qc7) 14. Nxf6+ Bxf6 15. Bxe6 fxe6 16. Nh2 e5 17. a4 $146 ({Predecessor:} 17. Qe2 Ra7 18. a4 {½-½ (97) Matthiesen,M (2329)-Vasova,M (2211) Aarhus 2017}) 17... b4 18. Qg4 Bg5 19. g3 Qf6 20. b3 g6 21. h4 $36 {[%mdl 2048] Black is under pressure.} Bd2 22. Qe2 Bc3 23. Rad1 Qe7 (23... Qe6 $1 $11) 24. Qg4 Kg7 25. f4 ({White should play} 25. h5 $16) 25... h5 (25... exf4 $1 $11 26. Rxf4 h5) 26. Qg5 $1 $16 {[%cal Rg5e7]} Qxg5 27. fxg5 Rfe8 28. Rf6 Rad8 (28... d5 $16) 29. Kf2 $18 a5 ({Weaker is} 29... Rf8 30. Rxf8 Rxf8+ 31. Ke2 $14) 30. Ke2 $1 d5 31. Rdf1 (31. g4 $18) 31... Re7 (31... dxe4 $16 32. dxe4 c4) 32. Rc6 c4 33. bxc4 $2 (33. exd5 $1 $18 cxd3+ 34. cxd3) 33... dxe4 $11 34. dxe4 {Rff6 is the strong threat.} b3 35. cxb3 {Black must now prevent Rff6.} d3+ 36. Ke3 d2 37. Ke2 $2 (37. Rd1 $1 $11 {and White stays safe.}) 37... Rd4 $19 38. Nf3 Rxe4+ 39. Kd3 Re1 $1 40. Nxd2 Bxd2 41. Rff6 Rd7+ 42. Kc2 Bb4 {[%csl Gb4][%cal Rd7d2]} 43. Rxg6+ Kf7 {[%csl Gb4][%cal Rd7d2]} 44. Rcf6+ Ke7 {[%csl Gb4][%cal Rd7d2]} 45. Rg7+ Kd8 $1 {[%csl Gb4][%cal Rd7d2]} 46. Rxd7+ Kxd7 $17 {[%mdl 4096] Endgame KRB-KR} 47. g6 (47. g4 $17) 47... Re4 $1 $19 48. Rf5 (48. Kd3 $142 Rg4 49. Rf5) 48... Ke6 $1 {[%cal Re6f5]} 49. Rxh5 Rg4 $1 50. Rh6 Kf6 (50... Rxg3 $19 51. g7+ Kf7) 51. h5 $17 Rxg3 52. Rh7 (52. Rh8 $17 {was necessary.}) 52... e4 $19 {Threatens to win with ...Rg2+.} 53. Rf7+ Ke6 {Strongly threatening ...Rg2+.} 54. Rf2 Bc3 ({Better is} 54... Bd6 $1 $17 55. Rd2 Be5) 55. h6 $11 Bf6 56. g7 Rc3+ 57. Kd1 Rd3+ 58. Ke2 Rd8 $2 {[%mdl 8192]} (58... Rg3 $11) 59. Rg2 $18 Kf7 60. Ke3 $2 (60. c5 {aiming for c6.} Be5 61. c6) 60... Re8 $2 {[#]} (60... Kg8 61. Kxe4 Be7) 61. Rg4 $2 (61. g8=R $1 {[%mdl 512]} Rxg8 62. Rxg8 Kxg8 63. Kxe4) 61... Kg8 {[#]} 62. Rxe4 $2 ({White has to play} 62. c5 $1 $18) 62... Bg5+ $11 63. Kd3 Rxe4 $4 {[%mdl 8192]} (63... Rd8+ $11 64. Rd4 Rb8) 64. Kxe4 {White mates.} Bxh6 65. c5 {[%cal Bc4c5,Bc5c6][%mdl 32]} Bg5 66. c6 Bd8 {Accuracy: White = 55%, Black = 54%.} 1-0

[Event "106th British-ch 2019"]
[Site "Torquay"]
[Date "2019.07.27"]
[Round "1.24"]
[White "Starley, Robert"]
[Black "Bradbury, Neil H"]
[Result "1/2-1/2"]
[WhiteElo "2058"]
[BlackElo "2322"]
[Annotator "NA"]
[PlyCount "97"]
[EventDate "2019.07.27"]
[EventType "swiss"]
[EventCountry "GBR"]
[SourceTitle "playchess.com"]
[Source "ChessBase"]
[SourceQuality "1"]
[TimeControl "40/5400+30:1800+30"]

1. e4 {[%emt 0:00:00]} c5 {[%emt 0:00:00]} 2. Nf3 {[%emt 0:00:00]} e6 {[%emt 0:00:03]} 3. d4 {[%emt 0:00:00]} cxd4 {[%emt 0:00:11]} 4. Nxd4 {[%emt 0:00:00]} Nc6 {[%emt 0:00:24]} 5. Nc3 {[%emt 0:00:06]} Qc7 {[%emt 0:01:13]} 6. Be3 {[%emt 0:00:21]} a6 {[%emt 0:02:27]} 7. Be2 {[%emt 0:00:27]} Nf6 {[%emt 0:05:39]} 8. O-O {[%emt 0:00:59]} Bb4 {[%emt 0:05:27]} 9. Na4 {[%emt 0:02:10]} Be7 {[%emt 0:21:57]} 10. Nxc6 {[%emt 0:00:30]} bxc6 {[%emt 0:00:43]} 11. Nb6 {[%emt 0:00:18]} Rb8 {[%emt 0:00:22]} 12. Nxc8 {[%emt 0:00:09]} Qxc8 {[%emt 0:00:20]} 13. e5 {[%emt 0:00:42]} Nd5 {[%emt 0:04:33]} 14. Bc1 {[%emt 0:00:39]} Bc5 {[%emt 0:00:24]} 15. c4 {[%emt 0:00:51]} Ne7 {[%emt 0:00:14]} 16. b3 {[%emt 0:00:45]} Qc7 {[%emt 0:08:55]} 17. Bb2 {[%emt 0:00:37]} O-O {[%emt 0:00:09]} 18. Bd3 {[%emt 0:01:15]} Ng6 {[%emt 0:08:05]} 19. Re1 {[%emt 0:00:34]} a5 {[%emt 0:03:42]} 20. Bc2 {[%emt 0:03:57]} a4 {[%emt 0:01:33]} 21. Qf3 {[%emt 0:02:42]} axb3 {[%emt 0:08:01]} 22. axb3 {[%emt 0:00:15]} Ra8 {[%emt 0:00:59]} 23. Qg3 {[%emt 0:01:34]} Qb6 {[%emt 0:03:52]} 24. Red1 {[%emt 0:05:37]} Rxa1 {[%emt 0:02:26]} 25. Rxa1 {[%emt 0:00:17]} Bd4 {[%emt 0:05:28]} 26. Bc3 {[%emt 0:06:33]} Bxc3 {[%emt 0:11:27]} 27. Qxc3 {[%emt 0:00:05]} Qb8 {[%emt 0:00:21]} 28. Ra5 {[%emt 0:02:46]} Qc7 {[%emt 0:01:56]} 29. g3 {[%emt 0:01:09]} Rb8 {[%emt 0:00:46]} 30. h4 {[%emt 0:02:11]} Nf8 {[%emt 0:00:31]} 31. b4 {[%emt 0:05:00]} Qb7 {[%emt 0:01:29]} 32. b5 {[%emt 0:02:01]} cxb5 {[%emt 0:00:38]} 33. Rxb5 {[%emt 0:02:30]} Qc7 {[%emt 0:00:13]} 34. Rxb8 Qxb8 {[%emt 0:00:01]} 35. Qd4 {[%emt 0:02:34]} Qb4 {[%emt 0:01:35]} 36. Bd3 {[%emt 0:04:30]} h6 {[%emt 0:00:59]} 37. Kg2 {[%emt 0:03:11]} Qa4 {[%emt 0:00:27]} 38. Qf4 {[%emt 0:00:43]} Qb4 {[%emt 0:00:30]} 39. Be2 {[%emt 0:00:19]} Ng6 {[%emt 0:00:33]} 40. Qd4 {[%emt 0:00:37]} Nf8 {[%emt 0:00:03]} 41. Bf3 {[%emt 0:31:57]} Qa4 {[%emt 0:02:54]} 42. Be4 {[%emt 0:00:00]} g6 {[%emt 0:02:30]} 43. Bd3 {[%emt 0:00:00]} h5 {[%emt 0:01:11]} 44. g4 {[%emt 0:00:00]} hxg4 {[%emt 0:06:47]} 45. Qxg4 {[%emt 0:00:00]} Qa1 {[%emt 0:00:28]} 46. Qe4 {[%emt 0:00:00]} Qc3 {[%emt 0:00:20]} 47. Be2 {[%emt 0:00:00]} Nh7 {[%emt 0:07:00]} 48. Bd3 {[%emt 0:00:00]} Nf8 {[%emt 0:03:16]} 49. Be2 {[%emt 0:00:00]} 1/2-1/2

[Event "106th British-ch 2019"]
[Site "Torquay"]
[Date "2019.07.27"]
[Round "1.25"]
[White "Pein, Malcolm"]
[Black "Yoon, Jacob D"]
[Result "1/2-1/2"]
[WhiteElo "2312"]
[BlackElo "1963"]
[Annotator "TA"]
[PlyCount "132"]
[EventDate "2019.07.27"]
[EventType "swiss"]
[EventCountry "GBR"]
[SourceTitle "playchess.com"]
[Source "ChessBase"]
[SourceQuality "1"]

{[%evp 9,132,14,31,23,19,0,12,10,8,12,21,16,46,31,26,8,9,13,13,20,16,0,31,22,41,4,107,-63,-71,-62,-35,-27,-29,-104,-68,-95,-80,-89,-64,-66,-71,-77,-16,-97,0,0,0,-37,0,-6,8,8,8,6,17,16,17,0,51,24,34,27,27,32,56,49,83,60,61,62,66,56,56,52,58,78,75,75,71,80,66,72,93,75,176,169,168,152,160,161,189,133,131,144,139,147,124,106,106,110,103,99,99,108,103,99,167,181,173,179,179,36,36,36,36,36,36,37,37,44,75,75,318,8,8]} 1. Nf3 e6 2. d4 d5 3. c4 c6 4. Qc2 Bd6 5. e4 (5. g3 f5 6. Bg2 Nf6 7. O-O O-O 8. Nc3 Ne4 9. Nxe4 dxe4 10. Ne5 c5 11. Be3 Qa5 12. Qc3 Qxc3 13. bxc3 Bxe5 14. dxe5 b6 15. f3 Bb7 16. fxe4 Bxe4 17. Bxe4 fxe4 18. Rxf8+ Kxf8 {0-1 (34) Bai,J (2564)-Wei,Y (2700) China 2016}) 5... dxe4 6. Qxe4 {D30: Queen's Gambit Declined: Systems without Nc3} Nf6 7. Qc2 c5 8. dxc5 Bxc5 9. Nc3 Nbd7 10. Be2 $146 ({Predecessor:} 10. Bg5 Qb6 11. Bd3 Ng4 12. O-O h6 13. Bf4 a6 {1-0 (37) Turlea,C (1995)-Florescu,A (1958) Ploiesti 2007}) 10... O-O 11. O-O Qc7 12. a3 a6 13. Bg5 b6 14. Rad1 Bb7 15. Bh4 Rfe8 16. Bg3 e5 17. Qf5 Rad8 (17... g6 $11 18. Qc2 Nh5) 18. Nd5 $2 ({White should play} 18. Nxe5 $1 $16 Nxe5 19. Bxe5 (19. Rxd8 Qxd8 20. Bxe5 Re6 $14)) 18... Nxd5 $15 19. cxd5 Bd6 20. Bh4 {Threatens to win with Rc1.} f6 21. Bg3 (21. Rc1 $11 {remains equal.} Qb8 22. Bd3) 21... Nf8 22. Rc1 Qf7 23. Rfd1 Rc8 24. Rxc8 Rxc8 25. Nd2 Rd8 (25... Qxd5 $17 {[%csl Gb7][%cal Rd5g2]} 26. Bf3 Qf7) 26. Qd3 (26. Ne4 $11) 26... Qxd5 ({Better is} 26... Be7 $17 27. Qc3 Bxd5 28. Bxa6 Ne6) 27. Qxd5+ $11 Bxd5 28. Bxa6 {White wants to play Nc4.} Bc7 {And now ...Bb3! would win.} 29. Nc4 Bc6 {[%cal Rd8d1]} (29... Ne6 {with more complications.} 30. Ne3 Bb3 31. Rxd8+ Bxd8 32. f3 Nd4) 30. Rxd8 Bxd8 31. f3 Bc7 32. Bf2 Nd7 33. Nd2 Bd5 (33... f5 $11) 34. b4 Kf7 35. Bb5 Ke7 36. Nc4 Bxc4 37. Bxc4 $14 {[%mdl 4096] Endgame KBB-KBN} Nb8 38. Bb5 Kd6 39. Kf1 Nc6 40. Bd3 g6 41. Ke1 f5 42. Kd2 Ne7 43. Kc3 Nd5+ 44. Kc4 Nf4 45. Bf1 Nd5 46. g3 e4 (46... Bd8 $16) 47. fxe4 $18 fxe4 48. Bg2 e3 49. Be1 $1 Nf6 50. Kd3 (50. a4 $18) 50... Ng4 51. a4 $1 Nxh2 52. Kxe3 Ng4+ 53. Kf4 Nf6 54. Kg5 Ng8 55. a5 bxa5 56. bxa5 {[%cal Bb4a5,Ba5a6][%mdl 32]} Bd8+ 57. Kf4 Nf6 (57... Ne7 $16 {is a better defense.}) 58. Bb4+ Ke6 59. a6 $1 {[%cal Ra6a7]} Bb6 {[#]} 60. Kg5 (60. Ba5 $1 $18 {[%cal Ra5b6]} Ba7 61. Bd2) 60... Be3+ $14 61. Kh4 g5+ 62. Kh3 g4+ 63. Kh2 $1 Ba7 64. Bb7 h5 65. Kg2 Nd5 $2 {[#]} (65... Ne8 $16 {was necessary.}) 66. Bd2 $2 (66. Bxd5+ $1 $18 Kxd5 67. Be1) 66... Ne3+ {Accuracy: White = 55%, Black = 42%.} 1/2-1/2

[Event "106th British-ch 2019"]
[Site "Torquay"]
[Date "2019.07.27"]
[Round "1.26"]
[White "Jaufarally, Nadia"]
[Black "Derakhshani, Borna"]
[Result "0-1"]
[WhiteElo "1944"]
[BlackElo "2300"]
[Annotator "NA"]
[PlyCount "64"]
[EventDate "2019.07.27"]
[EventType "swiss"]
[EventCountry "GBR"]
[SourceTitle "playchess.com"]
[Source "ChessBase"]
[SourceQuality "1"]
[TimeControl "40/5400+30:1800+30"]

1. e4 {[%emt 0:00:00]} c6 {[%emt 0:06:08]} 2. d4 {[%emt 0:00:00]} d5 {[%emt 0:00:04]} 3. Nd2 {[%emt 0:00:00]} dxe4 {[%emt 0:00:12]} 4. Nxe4 {[%emt 0:00:01]} Bf5 {[%emt 0:00:09]} 5. Ng3 {[%emt 0:00:10]} Bg6 {[%emt 0:00:04]} 6. h4 {[%emt 0:00:10]} h6 {[%emt 0:00:04]} 7. Nf3 {[%emt 0:00:11]} Nd7 {[%emt 0:00:05]} 8. h5 {[%emt 0:00:08]} Bh7 {[%emt 0:00:05]} 9. Bd3 {[%emt 0:00:07]} Bxd3 {[%emt 0:00:05]} 10. Qxd3 {[%emt 0:00:07]} e6 {[%emt 0:00:15]} 11. Bd2 {[%emt 0:00:17]} Ngf6 {[%emt 0:00:14]} 12. O-O-O {[%emt 0:00:21]} Be7 {[%emt 0:01:05]} 13. Kb1 {[%emt 0:00:45]} Qb6 {[%emt 0:00:15]} 14. Nh4 {[%emt 0:04:08]} O-O-O {[%emt 0:03:16]} 15. Rhe1 {[%emt 0:09:22]} Rhe8 {[%emt 0:07:56]} 16. Nf3 {[%emt 0:04:47]} Bd6 {[%emt 0:08:24]} 17. Ne4 {[%emt 0:11:57]} Nxe4 {[%emt 0:00:23]} 18. Qxe4 {[%emt 0:07:52]} Nf6 {[%emt 0:00:27]} 19. Qe2 {[%emt 0:01:39]} Ba3 {[%emt 0:13:21]} 20. Bc1 {[%emt 0:17:19]} Bb4 {[%emt 0:00:13]} 21. Bd2 {[%emt 0:06:34]} Bxd2 {[%emt 0:06:35]} 22. Rxd2 {[%emt 0:00:10]} Nd5 {[%emt 0:00:52]} 23. Ka1 {[%emt 0:12:42]} Qa5 {[%emt 0:04:21]} 24. c4 {[%emt 0:05:54]} Nf4 {[%emt 0:09:19]} 25. Qd1 {[%emt 0:10:35]} Qxh5 {[%emt 0:00:00]} 26. Re5 {[%emt 0:01:16]} f5 {[%emt 0:00:00]} 27. g3 {[%emt 0:01:04]} Ng6 {[%emt 0:00:00]} 28. Ra5 {[%emt 0:00:38]} Kb8 {[%emt 0:00:00]} 29. a3 {[%emt 0:04:03]} Qg4 {[%emt 0:07:31]} 30. Rd3 {[%emt 0:02:05]} Re7 {[%emt 0:04:33]} 31. Qa4 {[%emt 0:00:30]} b6 {[%emt 0:01:26]} 32. Qxc6 {[%emt 0:00:29]} Qe4 {[%emt 0:00:14]} 0-1